Лабораторный практикум по визуальному и измерительному методу контроля и диагностики: учебное пособие

Bibliografski detalji
Glavni autor: Калиниченко Н. П. Николай Петрович
Autor kompanije: Томский политехнический университет (ТПУ)
Daljnji autori: Калиниченко А. Н. Алексей Николаевич
Sažetak:Заглавие с титульного экрана
Электронная версия печатной публикации
В учебном пособии предложен цикл лабораторных работ по курсу «Визуальный и измерительный контроль» и «Визуально-оптический контроль». Приведены теоретические сведения по рассматриваемым темам лабораторных работ, требования к средствам визуального и измерительного контроля, оценки и регистрации результатов контроля. Пособие разработано в рамках реализации Инновационной образовательной программы ТПУ по направлению «Неразрушающий контроль» и предназначено для студентов специальности 200102 «Методы и приборы контроля качества», а также может быть полезно специалистам, применяющим методы неразрушающего контроля
Режим доступа: из корпоративной сети ТПУ
Jezik:ruski
Izdano: Томск, Изд-во ТПУ, 2008
Teme:
Online pristup:http://www.lib.tpu.ru/fulltext2/m/2010/m170.pdf
Format: MixedMaterials Elektronički Knjiga
KOHA link:https://koha.lib.tpu.ru/cgi-bin/koha/opac-detail.pl?biblionumber=185066

MARC

LEADER 00000nlm0a2200000 4500
001 185066
005 20231225171604.0
035 |a (RuTPU)RU\TPU\book\200728 
090 |a 185066 
100 |a 20100929d2008 m y0rusy50 ca 
101 0 |a rus 
102 |a RU 
105 |a a j 001zy 
135 |a drgn ---uucaa 
181 0 |a i  
182 0 |a b 
200 1 |a Лабораторный практикум по визуальному и измерительному методу контроля и диагностики  |e учебное пособие  |f Н. П. Калиниченко, А. Н. Калиниченко  |g Томский политехнический университет (ТПУ) 
203 |a Текст  |c электронный 
210 |a Томск  |c Изд-во ТПУ  |d 2008 
300 |a Заглавие с титульного экрана 
300 |a Электронная версия печатной публикации 
330 |a В учебном пособии предложен цикл лабораторных работ по курсу «Визуальный и измерительный контроль» и «Визуально-оптический контроль». Приведены теоретические сведения по рассматриваемым темам лабораторных работ, требования к средствам визуального и измерительного контроля, оценки и регистрации результатов контроля. Пособие разработано в рамках реализации Инновационной образовательной программы ТПУ по направлению «Неразрушающий контроль» и предназначено для студентов специальности 200102 «Методы и приборы контроля качества», а также может быть полезно специалистам, применяющим методы неразрушающего контроля 
333 |a Режим доступа: из корпоративной сети ТПУ 
337 |a Adobe Reader 
451 1 |0 (RuTPU)RU\TPU\book\321734  |t Лабораторный практикум по визуальному и измерительному методу контроля и диагностики  |o учебное пособие  |f Н. П. Калиниченко, А. Н. Калиниченко  |g Национальный исследовательский Томский политехнический университет (ТПУ), Институт неразрушающего контроля (ИНК), Кафедра физических методов и приборов контроля качества (ФМПК)  |e 2-е изд., перераб. и доп.  |c Томск  |n Изд-во ТПУ  |d 2014  |a Калиниченко, Николай Петрович 
452 1 |0 (RuTPU)RU\TPU\book\175682  |y 5-98298-321-7  |t Лабораторный практикум по визуальному и измерительному методу контроля и диагностики  |o учебное пособие  |f Н. П. Калиниченко, А. Н. Калиниченко  |g Томский политехнический университет (ТПУ)  |c Томск  |n Изд-во ТПУ  |d 2008  |p 200 с.  |a Калиниченко, Николай Петрович 
606 1 |a Неразрушающий контроль  |2 stltpush  |3 (RuTPU)RU\TPU\subj\66931  |9 82903 
610 1 |a визуальный контроль 
610 1 |a измерительный контроль 
610 1 |a диагностика 
610 1 |a освещенность 
610 1 |a яркость 
610 1 |a измерение 
610 1 |a люксметры 
610 1 |a поверхности 
610 1 |a шероховатость 
610 1 |a детали 
610 1 |a размеры 
610 1 |a сварные швы 
610 1 |a сварные соединения 
610 1 |a дефекты 
610 1 |a волоконно-оптические эндоскопы 
610 1 |a лабораторные работы 
610 1 |a учебные пособия 
610 1 |a труды учёных ТПУ 
610 1 |a электронный ресурс 
675 |a 620.179.1(076.5)  |v 3 
700 1 |a Калиниченко  |b Н. П.  |c специалист в области неразрушающего контроля  |c доцент Томского политехнического университета, кандидат технических наук  |f 1945-  |g Николай Петрович  |3 (RuTPU)RU\TPU\pers\27076 
701 1 |a Калиниченко  |b А. Н.  |c специалист в области неразрушающего контроля  |c доцент Томского политехнического университета, кандидат технических наук   |f 1981-  |g Алексей Николаевич  |3 (RuTPU)RU\TPU\pers\27077  |9 12627 
712 0 2 |a Томский политехнический университет (ТПУ)  |c (1991-2009)  |3 (RuTPU)RU\TPU\col\376 
801 1 |a RU  |b 63413507  |c 20100929 
801 2 |a RU  |b 63413507  |c 20160318  |g RCR 
856 4 |u http://www.lib.tpu.ru/fulltext2/m/2010/m170.pdf 
942 |c CF